000 00342pab a2200145 454500
008 180718b1987 xxu||||| |||| 00| 0 eng d
100 _aDang, Satyapal
245 _aPunjab problem and national question
260 _c1987
300 _a6-8,34
362 _a11 July
650 _aPunjab - Politics
773 _aMainstream
909 _a16810
999 _c16810
_d16810